000 01338nam a2200313 a 4500
001 BRCA_3154
005 20190320204134.0
008 110209s1885----fr-a---###---#000-0#fre-u
041 _afre
044 _afr
084 _a459
_b.H34
_c1885
100 1 _aCervantes Saavedra, Miguel de
_d1547-1616
_9213
245 1 0 _aHistoire de L´Admirable Don Quichotte de la Manche
_cMiguel de Cervantes Saavedra ; Traduite par Filleau de Saint-Martin.
260 _aParís
_bHachette
_c1885
300 _a331 p.
_bil.
_c18 cm.
500 _aContenido : Primera parte. Texto. Segunda parte. Texto
500 _aReproducción de la traducción de Filleau de Saint-Martin. Tela; lomo y cubierta decorados con dorados. Ejemplar defectuoso Lúdovik Osterc
500 _aEstado físico : Sin la portada ni las primeras páginas. Cubierta posterior ligeramente desprendida
500 _aQM380A
546 _aTexto en : francés
650 1 4 _aNovela española
_yÉpoca clásica, 1500-1700
_9215
650 1 4 _aLiteratura española
_yÉpoca clásica, 1500-1700
_9216
650 1 4 _aNovela española
_ySiglo XVII
_9217
650 1 4 _aDon Quijote (Personaje ficticio)
_eNovela
_9218
700 1 _aSaint-Martin, Francois Filleau de
_d1632-1695
_eTraductor
_98520
740 0 _aEl Ingenioso Hidalgo Don Quijote de la Mancha
902 _aQFM
942 _2lcc
_cB
999 _c2890
_d2890